000 00656nam a2200241Ia 4500
003 OSt
005 20220918193229.0
006 a|||||r|||| 00| 0
007 ta
008 220917b |||||||| |||| 00| 0 eng d
024 _a72,363
037 _cTextual
040 _aARTS
_cARTS
_beng
041 _2eng
_aeng
082 _aR6z7, L8
100 _aPandey S L
_981302
245 0 _aWhither Indian philosophy
_b Essays on Indian and Westren epistemology
260 _aAllahabad
_bDarshana Peeth
_c1978
300 _a466p.
_ccm.
650 _aINDIAN PHILOSOPHY
942 _hR6z7, L8
_cTEXL
_2CC
999 _c198361
_d198361